第二十屆林榮三文學獎 (Record no. 7634)
[ view plain ]
| 000 -記錄標示(系統產生) | |
|---|---|
| fixed length control field | 00350nam a22001217a 4500 |
| 020 ## - ISBN | |
| ISBN | 978-986-97417-5-0 |
| 050 ## - LIBRARY OF CONGRESS CALL NUMBER | |
| Classification number | 863.3 |
| 060 ## - NATIONAL LIBRARY OF MEDICINE CALL NUMBER | |
| Classification number | 863.3 |
| 245 ## - 書籍基本資料 | |
| 書名 | 第二十屆林榮三文學獎 |
| 副標題 | 得獎作品集 |
| 作者名稱 | 孫梓評.謝麗笙編輯 |
| 250 ## - 書籍版本資料 | |
| 書籍版本 | 初版 |
| 260 ## - 書籍出版資料 | |
| 出版地 | 新北市 |
| 出版者 | 財團法人林榮三文化公益基金會 |
| 出版年 | 2025.01 |
| 942 ## - 其他項目(KOHA) | |
| 分類法來源 | 中文圖書分類法 |
| 館藏類型設定 | 一般圖書 |
| 撤銷狀態 | 遺失狀態 | 分類號來源 | 損壞狀態 | 不外借 | 永久館藏地 | 現在館藏地 | 書架位置 | 採購日期 | 所有借閱數 | Total Renewals | 完整索書號 | 條碼號 | 借書日 | 最後一次日期記錄 | 最後借出日期 | 一般價格有效日期 | Koha館藏類型 | 公開資訊 |
|---|---|---|---|---|---|---|---|---|---|---|---|---|---|---|---|---|---|---|
| 未註銷館藏 | 未遺失 | 中文圖書分類法 | 未損毀 | 可外借 | 怡仁綜合醫院圖書館 | 怡仁綜合醫院圖書館 | 2025-02-12 | 2 | 1 | 863.3 | C03218 | 2026-04-22 | 2026-04-08 | 2026-04-08 | 2025-02-12 | 一般圖書 | 林榮三文化公益基金會結集出版《第二十屆林榮三文學獎得獎作品集》,免費贈送給讀者。該書內容包含新詩、散文、小品文、短篇小說獎所有得獎作品和作者簡介、評審介紹、評審意見、初複決審會議紀錄,書長350頁,由名插畫家繪製精美插畫。 |